MARC details
| 000 -LEADER |
| fixed length control field |
04588nam a22002897a 4500 |
| 003 - CONTROL NUMBER IDENTIFIER |
| control field |
OSt |
| 005 - DATE AND TIME OF LATEST TRANSACTION |
| control field |
20251222102638.0 |
| 008 - FIXED-LENGTH DATA ELEMENTS--GENERAL INFORMATION |
| fixed length control field |
251222b |||||||| |||| 00| 0 eng d |
| 020 ## - INTERNATIONAL STANDARD BOOK NUMBER |
| International Standard Book Number |
9788776940966(hbk) |
| 020 ## - INTERNATIONAL STANDARD BOOK NUMBER |
| International Standard Book Number |
9788776940959 (pbk) |
| 040 ## - CATALOGING SOURCE |
| Transcribing agency |
DCL |
| 041 ## - LANGUAGE CODE |
| Language code of text/sound track or separate title |
English |
| 082 ## - DEWEY DECIMAL CLASSIFICATION NUMBER |
| Classification number |
327.59104 |
| 100 1# - MAIN ENTRY--PERSONAL NAME |
| Personal name |
Steinberg, David I. |
| 245 10 - TITLE STATEMENT |
| Title |
Modern China-Myanmar relations : |
| Remainder of title |
dilemmas of mutual dependence / |
| Statement of responsibility, etc. |
David I. Steinberg and Hongwei Fan |
| 260 ## - PUBLICATION, DISTRIBUTION, ETC. |
| Place of publication, distribution, etc. |
Thailand : |
| Name of publisher, distributor, etc. |
NIAS Press, |
| Date of publication, distribution, etc. |
2013. |
| 300 ## - PHYSICAL DESCRIPTION |
| Extent |
v, 480 pages ; |
| Other physical details |
illustrations, maps ; |
| Dimensions |
22 cm. |
| 504 ## - BIBLIOGRAPHY, ETC. NOTE |
| Bibliography, etc. note |
Includes bibliographical references and index. |
| 505 ## - FORMATTED CONTENTS NOTE |
| Formatted contents note |
Machine generated contents note: Conceptions and Misconceptions<br/>Sino-Burmese Pre-Independence Relations: An Overview<br/>Scope of the Study<br/>pt. I The Vicissitudes of Sino-Burmese Relations During the Cold War Prelude: Setting the Stage<br/>1.Sino-Burmese Relations 1949-1953: Suspicions and Equivocations<br/>The Ideological Context of Sino-Burmese Relations<br/>The Establishment of Diplomatic Relations<br/>Tentative Contacts: 1950-1953<br/>Analysis of Early Sino-Burmese Relations<br/><br/>2. China-Burma Ties in 1954: The Beginning of the Pauk Phaw Era<br/>International Factors<br/>China's Policy Toward Burma<br/>Burma's Policy Toward China<br/>Personalized Political Relations in 1954<br/>Economic Relations in 1954<br/><br/>3. The Honeymoon Period: 1955-1966<br/>- The U Nu Period<br/>- The Ne Win Period (1962-1967)<br/>- Economic Relations 1955-1966<br/>- Cultural Relations 1955-1966<br/><br/>4. The Anti-Chinese Riots of 1967: The Rupture of the Pauk Phaw Ties<br/>The "6.26" Anti-Chinese Riots<br/>Contents note continued: Wrestling between Beijing and Rangoon<br/>The Impact of the Anti-Chinese Riots<br/>Causes of the Anti-Chinese Riots<br/><br/>5. From Rift to Renormalization of Relations: 1967-1971<br/>The Renormalization of Sino-Burmese Relations<br/>Causes of the Renormalization of Sino-Burmese Relations<br/>The Context of China-U.S.-Soviet Triangular Relations<br/><br/>6. Sino-Burmese Ties: The Cicatrized Sino-Burmese Relationship 1972-1988<br/>Political Relations<br/>Economic Relations<br/>Decline of Burmese Status in Chinese Diplomacy<br/>pt. II The Challenges of China-Myanmar Relations in the Post-Cold War Era Prelude<br/><br/>7. China-Myanmar Strategic and Security Relations<br/>Energy Issues: Gas, Oil, and Hydroelectric Power<br/>Myanmar and Mineral Resources Security in China<br/><br/>8. China-Myanmar Economic and Trade Relations<br/>China-Myanmar Trade<br/>China-Myanmar Border Trade<br/>Chinese Development Assistance, and Economic and Technical Cooperation<br/>China's Investments in Myanmar<br/>Contents note continued: China-Myanmar Economic Relations in the Context of Regional and Subregional Cooperation<br/>Yunnan-Myanmar Economic Relations<br/>Cross-Border Tourism<br/>Chinese Migration into Myanmar<br/>pt. III Sino-Burmese Relations within the International Power Context<br/><br/>9. Regional Impacts: Narcotics, Transport, and the Military in Sino-Myanmar Relations<br/>Narcotics in the China-Myanmar Nexus<br/>China's "Look South": The Sino-Myanmar Transport Corridor<br/>The Military Factor<br/><br/>10. International Strategic Issues<br/>Chinese Strategy in Myanmar<br/>China-India: Myanmar as Nexus<br/>Sino-Myanmar Cooperation and Japanese Concerns<br/>"The Burden of Proximity" Thailand<br/>The United States Burma Policy: "The Luxury of Distance"<br/>The Role of International Organizations: The United Nations and ASEA<br/>Sino-Myanmar Relations and International Responses<br/>pt. IV Conclusions<br/><br/>11. Dilemmas of Mutual Dependence in a Globalized World<br/>China's Dilemmas: Internal and External<br/>Contents note continued: Myanmar's Five Dilemmas<br/>U.S. Dilemmas<br/>Regional Actors<br/>Chinese-Myanmar Relations under "Discipline-Flourishing Democracy"<br/>Coda<br/><br/>Appendices<br/>1.Joint Statement Concerning Framework Document on Future Cooperation in Bilateral Relations between the People's Republic of China and Federation of Myanmar<br/>2.People's Republic of China Plans and Strategies Mentioned in the Text<br/>3.Chronology of Sino-Burmese Relations<br/>4.Major Chinese Companies in Myanmar<br/>5.Joint Statement Between The Republic of the Union of Myanmar and The People's Republic of China on Establishing a Comprehensive Strategic Cooperative Partnership<br/>6.Summary: "Peking and the Burmese Communists: The Perils and Profits of Insurgency." Secret (later declassified) CIA Report, 1971. |
| 651 ## - SUBJECT ADDED ENTRY--GEOGRAPHIC NAME |
| Geographic name |
China |
| Form subdivision |
Foreign relations |
| Geographic subdivision |
Myanmar |
| 651 ## - SUBJECT ADDED ENTRY--GEOGRAPHIC NAME |
| Geographic name |
Myanmar |
| Form subdivision |
Foreign relations |
| Geographic subdivision |
China |
| 651 ## - SUBJECT ADDED ENTRY--GEOGRAPHIC NAME |
| Geographic name |
Burma |
| Form subdivision |
Foreign relations |
| Chronological subdivision |
1948- |
| 651 ## - SUBJECT ADDED ENTRY--GEOGRAPHIC NAME |
| Geographic name |
China |
| Form subdivision |
Foreign relations |
| Chronological subdivision |
1949- |
| 651 ## - SUBJECT ADDED ENTRY--GEOGRAPHIC NAME |
| Geographic name |
Myanmar |
| Form subdivision |
History |
| Chronological subdivision |
1945- |
| 700 1# - ADDED ENTRY--PERSONAL NAME |
| Personal name |
Fan, Hongwei |
| 942 ## - ADDED ENTRY ELEMENTS (KOHA) |
| Source of classification or shelving scheme |
Dewey Decimal Classification |
| Koha item type |
Short Term |
| Suppress in OPAC |
No |